[Event "XXIII Festival A"]
[Site "Porto San Giorgio ITA"]
[Date "2011.08.27"]
[Round "8"]
[White "Spano' Cuomo, Gaetano"]
[Black "Franzini, Stefano"]
[Result "1-0"]
[WhiteElo "1805"]
[BlackElo "1848"]
[PlyCount "95"]
[EventDate "2011.08.21"]

1. e4 g6 2. d4 Bg7 3. c4 d6 4. Nc3 Nf6 5. f3 Nbd7 6. Bd3 e5 7. d5 c5 8. Nge2 a6
9. a3 Qc7 10. O-O O-O 11. Be3 h6 12. Qd2 Kh7 13. b4 b6 14. b5 a5 15. g4 Ng8 16.
Ng3 Qd8 17. Qg2 Bf6 18. Kf2 Bg5 19. Rh1 Kg7 20. h4 Bxe3+ 21. Kxe3 Qe7 22. Rhg1
Kh7 23. Kd2 Bb7 24. Kc2 Qf6 25. Bf1 Qg7 26. Qd2 Ne7 27. Bh3 Rad8 28. Na4 Bc8
29. g5 h5 30. Bxd7 Bxd7 31. Nxb6 Nc8 32. Nxd7 Rxd7 33. Qxa5 Ra7 34. Qc3 Ra4 35.
Nf1 Nb6 36. Nd2 Re8 37. Rge1 Qf8 38. f4 exf4 39. Rf1 Qg7 40. Qxg7+ Kxg7 41. Kb3
f6 42. Rxf4 fxg5 43. hxg5 Rf8 44. Rxf8 Kxf8 45. Rf1+ Kg7 46. e5 Ra7 47. e6 Nc8
48. Ne4 1-0

[Event "XXIII Festival A"]
[Site "Porto San Giorgio ITA"]
[Date "2011.08.27"]
[Round "8"]
[White "Splendiani, Francesco"]
[Black "Dieli, Riccardo"]
[Result "1/2-1/2"]
[WhiteElo "2000"]
[BlackElo "1897"]
[PlyCount "104"]
[EventDate "2011.08.21"]

1. e4 c5 2. d4 cxd4 3. c3 dxc3 4. Nxc3 Nc6 5. Nf3 g6 6. Bc4 Bg7 7. O-O Nf6 8.
h3 O-O 9. Qe2 d6 10. Rd1 Nd7 11. Bb3 Nc5 12. Bc2 b6 13. a3 Bb7 14. Bf4 Qc8 15.
Qe3 Na5 16. Bh6 Nc4 17. Qc1 Nxb2 18. Bxg7 Nxd1 19. Qh6 Ne6 20. Bxf8 Qxc3 21.
Rc1 Rxf8 22. Bxd1 Qxa3 23. Rc7 Bxe4 24. Rxe7 Bxf3 25. Bxf3 Rc8 26. Kh2 d5 27.
Rb7 Qd6+ 28. g3 a5 29. Bg4 Rb8 30. Ra7 d4 31. Qd2 Rd8 32. h4 Qb8 33. Re7 Kf8
34. Rxe6 fxe6 35. Qh6+ Ke7 36. Qg7+ Kd6 37. Qxd4+ Kc7 38. Qc4+ Kb7 39. Bf3+ Ka7
40. Qxe6 Qc7 41. Qe4 Rb8 42. Qd3 a4 43. Qb5 Qc2 44. Be2 Rb7 45. Kg2 Qb3 46.
Qa6+ Kb8 47. Bf3 Ra7 48. Qe2 Qf7 49. Qe5+ Qc7 50. Qh8+ Qc8 51. Qe5+ Qc7 52.
Qh8+ Qc8 1/2-1/2

[Event "XXIII Festival A"]
[Site "Porto San Giorgio ITA"]
[Date "2011.08.27"]
[Round "8"]
[White "Tazzioli, Luca"]
[Black "D'Aquino, Ugo"]
[Result "1-0"]
[WhiteElo "1838"]
[BlackElo "1925"]
[PlyCount "117"]
[EventDate "2011.08.21"]

1. e4 c5 2. d3 Nc6 3. Nf3 g6 4. g3 Bg7 5. Bg2 e6 6. O-O Nge7 7. Re1 d6 8. Nbd2
a6 9. a4 Rb8 10. h4 h6 11. Nf1 b5 12. axb5 axb5 13. N1h2 e5 14. Nf1 Be6 15. Ne3
Qd7 16. Qe2 O-O 17. Bd2 Ra8 18. Qf1 b4 19. Red1 b3 20. c4 Ra2 21. Rxa2 bxa2 22.
Ra1 Ra8 23. Nc2 Qb7 24. Qc1 Qb3 25. Bc3 Nb4 26. Nxb4 cxb4 27. Nd2 Qa4 28. b3
Qa5 29. Bb2 Nc6 30. Nf1 Nd4 31. Bxd4 exd4 32. e5 Ra6 33. exd6 Rxd6 34. Nd2 Ra6
35. Ne4 Qa3 36. Qc2 Bf8 37. Nf6+ Kg7 38. Ne8+ Kh7 39. Nc7 Ra5 40. Nb5 Rxb5 41.
Rxa2 Ra5 42. Rxa3 bxa3 43. Qa2 Bf5 44. Bf1 Bb4 45. Be2 Bc3 46. g4 Bd7 47. Bf3
Bb2 48. b4 Re5 49. b5 Re1+ 50. Kg2 Ra1 51. Qb3 Bc3 52. b6 a2 53. b7 Rg1+ 54.
Kxg1 a1=Q+ 55. Kg2 Ba4 56. Qb6 Bd1 57. Bxd1 Ba5 58. Qa7 Qxd1 59. b8=Q 1-0

[Event "XXIII Festival A"]
[Site "Porto San Giorgio ITA"]
[Date "2011.08.27"]
[Round "8"]
[White "Teutsch, Alexander"]
[Black "White, Kevin D."]
[Result "1/2-1/2"]
[WhiteElo "1896"]
[BlackElo "2104"]
[PlyCount "68"]
[EventDate "2011.08.21"]

1. d4 Nf6 2. c4 g6 3. Nc3 Bg7 4. e4 O-O 5. f4 c5 6. d5 d6 7. Nf3 e6 8. Be2 exd5
9. exd5 Re8 10. O-O Na6 11. Bd3 Bg4 12. h3 Bxf3 13. Qxf3 Nd7 14. Nb5 Qe7 15.
Rb1 Nb6 16. Bd2 Nc7 17. Nc3 f5 18. b4 cxb4 19. Rxb4 Na6 20. Rbb1 Nc5 21. Rfe1
Qd7 22. Nb5 a6 23. Nc3 Nba4 24. Bc2 Bd4+ 25. Kh2 Nxc3 26. Bxc3 Qg7 27. Bb4 Rac8
28. Bxc5 Bxc5 29. Ba4 Rxe1 30. Rxe1 Qd4 31. Bb3 b5 32. cxb5 axb5 33. Rd1 Qe3
34. Qxe3 Bxe3 1/2-1/2

[Event "XXIII Festival A"]
[Site "Porto San Giorgio ITA"]
[Date "2011.08.27"]
[Round "8"]
[White "Tribuiani, Renato"]
[Black "Salami, Marco"]
[Result "0-1"]
[WhiteElo "2029"]
[BlackElo "2166"]
[PlyCount "44"]
[EventDate "2011.08.21"]

1. d4 e6 2. e4 d5 3. e5 c5 4. Nf3 Nc6 5. Bd3 Nxd4 6. Nxd4 cxd4 7. Nd2 Ne7 8.
Nf3 Nc6 9. a3 Qc7 10. Qe2 Be7 11. b4 Nxb4 12. axb4 Qc3+ 13. Nd2 Qxa1 14. Bb5+
Bd7 15. O-O Qc3 16. Bxd7+ Kxd7 17. Nb3 d3 18. Qg4 Qxb4 19. Qxg7 dxc2 20. Qg3
Rhg8 21. Qd3 Qc4 22. Qf3 Qg4 0-1

[Event "XXIII Festival A"]
[Site "Porto San Giorgio ITA"]
[Date "2011.08.27"]
[Round "8"]
[White "Villani, Cristian"]
[Black "Lapenna, Antonio"]
[Result "0-1"]
[WhiteElo "2056"]
[BlackElo "2150"]
[PlyCount "48"]
[EventDate "2011.08.21"]

1. Nf3 d5 2. d4 c6 3. c4 e6 4. Qc2 dxc4 5. Qxc4 Nf6 6. Nc3 b5 7. Qb3 a6 8. Bg5
c5 9. Rd1 cxd4 10. e3 Nbd7 11. exd4 Be7 12. Be2 O-O 13. O-O Nb6 14. Ne5 Bb7 15.
Bd3 Rc8 16. a3 Nfd5 17. Bd2 Nxc3 18. Bxc3 Qd5 19. Qxd5 Bxd5 20. Rc1 Na4 21.
Rfe1 Bg5 22. Rc2 Bb3 23. Bb4 Bxc2 24. Bxf8 Bxd3 0-1

[Event "XXIII Festival A"]
[Site "Porto San Giorgio ITA"]
[Date "2011.08.27"]
[Round "8"]
[White "Vuelban, Virgilio"]
[Black "Pienabarca, Nicola"]
[Result "1-0"]
[WhiteElo "2357"]
[BlackElo "2110"]
[PlyCount "33"]
[EventDate "2011.08.21"]

1. Nf3 Nf6 2. g3 g6 3. Bg2 d5 4. d4 Bg7 5. c4 dxc4 6. Na3 c3 7. bxc3 O-O 8. O-O
c5 9. Ne5 Nc6 10. Nxc6 bxc6 11. Qa4 Bd7 12. dxc5 Nd5 13. Bd2 Qc8 14. Rac1 Rb8
15. c4 Nc7 16. Bxc6 Ne6 17. Be3 1-0

[Event "XXIII Festival A"]
[Site "Porto San Giorgio ITA"]
[Date "2011.08.27"]
[Round "8"]
[White "Zamengo, Fulvio"]
[Black "Bentivegna, Francesco"]
[Result "1/2-1/2"]
[WhiteElo "2007"]
[BlackElo "2330"]
[PlyCount "137"]
[EventDate "2011.08.21"]

1. e4 e5 2. Nf3 Nc6 3. Bb5 a6 4. Ba4 Nge7 5. O-O g6 6. c3 Bg7 7. d4 exd4 8.
cxd4 b5 9. Bc2 O-O 10. Nc3 d6 11. Be3 Bg4 12. Qd2 Bxf3 13. gxf3 f5 14. Ne2 Qd7
15. Kh1 Kh8 16. a4 Rae8 17. axb5 axb5 18. Bd3 fxe4 19. fxe4 d5 20. e5 b4 21. f4
Nf5 22. Bxf5 Qxf5 23. Ng3 Qd7 24. Qd3 Ne7 25. Ra7 h5 26. Rc1 Rc8 27. Qc2 h4 28.
Nf1 Qg4 29. Qg2 Qh5 30. Rcxc7 Rxc7 31. Rxc7 h3 32. Qf2 Nf5 33. Rc1 Qg4 34. Bd2
Nxd4 35. Qg3 Qh5 36. Qe3 Qg4 37. Qg3 Qh5 38. Qe3 Nf5 39. Qd3 d4 40. Bxb4 Qg4
41. Qe4 Rb8 42. Ba3 Bh6 43. e6 Qxf4 44. Qxf4 Bxf4 45. Rd1 Kg7 46. Ng3 Be3 47.
Nf1 Kf6 48. Nxe3 dxe3 49. e7 Re8 50. Bc5 Ke5 51. Kg1 Nxe7 52. Bxe3 Nf5 53. Bd2
Rf8 54. Rf1 g5 55. b4 Ke4 56. b5 Rb8 57. Rb1 Nd4 58. Kf1 Rf8+ 59. Ke1 Kd3 60.
Kd1 Rf1+ 61. Be1 Nf3 62. Rb3+ Kc4 63. Re3 Kxb5 64. Ke2 Rxe1+ 65. Kxf3 Rg1 66.
Ke4 g4 67. Kf4 Rg2 68. Rg3 Rxh2 69. Kxg4 1/2-1/2

[Event "XXIII Festival A"]
[Site "Porto San Giorgio ITA"]
[Date "2011.08.27"]
[Round "8"]
[White "Zinnai, Graziano Matteo"]
[Black "Bolog, Iacint"]
[Result "1-0"]
[WhiteElo "1882"]
[BlackElo "1959"]
[PlyCount "99"]
[EventDate "2011.08.21"]

1. e4 c5 2. Nf3 e6 3. d3 Nc6 4. c3 Be7 5. g3 Nf6 6. Bg2 d5 7. Nbd2 O-O 8. O-O
b5 9. Re1 Bb7 10. e5 Nd7 11. Nf1 Rb8 12. h4 a5 13. Bf4 c4 14. d4 b4 15. N1h2
Re8 16. h5 Bf8 17. Ng4 h6 18. Qd2 Ne7 19. Bh3 Nf5 20. Ne3 g5 21. hxg6 fxg6 22.
Nxf5 gxf5 23. Bxh6 Bxh6 24. Qxh6 Qe7 25. Qg5+ Qxg5 26. Nxg5 Kg7 27. f4 Bc6 28.
Rab1 Nb6 29. g4 fxg4 30. Bxg4 Bd7 31. cxb4 axb4 32. Rf1 Kg6 33. Nf3 Ba4 34. b3
Bb5 35. bxc4 Bxc4 36. Rf2 Na4 37. Rg2 Kh6 38. Rh2+ Kg7 39. Ng5 Nc3 40. Rbb2 Rb6
41. Rh7+ Kf8 42. Rbh2 Bd3 43. Rh8+ Ke7 44. Rxe8+ Kxe8 45. Bxe6 Ne2+ 46. Kf2 Bc4
47. Ke3 Nc3 48. f5 b3 49. Rh8+ Ke7 50. f6# 1-0

[Event "XXIII Festival A"]
[Site "Porto San Giorgio ITA"]
[Date "2011.08.28"]
[Round "9"]
[White "Albertini, Luca"]
[Black "Boscolo, Marco"]
[Result "1/2-1/2"]
[WhiteElo "1986"]
[BlackElo "2166"]
[PlyCount "67"]
[EventDate "2011.08.21"]

1. e4 c6 2. d4 d5 3. e5 c5 4. c3 Nc6 5. h3 e6 6. Nf3 Qb6 7. a3 Nh6 8. b4 cxb4
9. cxb4 Nf5 10. Bb2 Bd7 11. Be2 Be7 12. O-O h5 13. Qd3 g5 14. g4 hxg4 15. hxg4
Nh4 16. Nxh4 Rxh4 17. Kg2 O-O-O 18. Nd2 Rdh8 19. Rh1 Kb8 20. Nb3 Qd8 21. Nc5
Bc8 22. Bc3 Ka8 23. Rab1 Qe8 24. Rxh4 Rxh4 25. Rh1 Rxh1 26. Kxh1 Qg8 27. Kg2
Qh8 28. Qe3 Nb8 29. a4 Nd7 30. Bb5 Nf8 31. Bd3 Qg8 32. a5 Ng6 33. Bxg6 Qxg6 34.
Bd2 1/2-1/2

[Event "XXIII Festival A"]
[Site "Porto San Giorgio ITA"]
[Date "2011.08.28"]
[Round "9"]
[White "Almadori, Giovanni"]
[Black "Trent, Alan M."]
[Result "1/2-1/2"]
[WhiteElo "1660"]
[BlackElo "1800"]
[PlyCount "34"]
[EventDate "2011.08.21"]

1. Nf3 Nf6 2. d4 c5 3. e3 g6 4. Bc4 Bg7 5. O-O cxd4 6. exd4 O-O 7. Re1 d6 8. h3
Bf5 9. Bf4 Nc6 10. c3 Rc8 11. Nbd2 d5 12. Bb3 Nh5 13. Bh2 Nf6 14. Ne5 Be6 15.
Ndf3 Ne4 16. Nd2 Nxd2 17. Qxd2 Qc7 1/2-1/2

[Event "XXIII Festival A"]
[Site "Porto San Giorgio ITA"]
[Date "2011.08.28"]
[Round "9"]
[White "Antonelli, Alessandro"]
[Black "Cipollaro, Giovanni"]
[Result "1-0"]
[WhiteElo "1971"]
[BlackElo "1866"]
[PlyCount "67"]
[EventDate "2011.08.21"]

1. d4 d6 2. c4 e5 3. Nf3 e4 4. Ng5 f5 5. Nc3 Nf6 6. Qb3 h6 7. Nh3 Nc6 8. e3 g5
9. Be2 Bg7 10. Bd2 f4 11. d5 fxe3 12. fxe3 Nb8 13. Nf2 Qe7 14. Qc2 Bf5 15. Nb5
c6 16. Nd4 Bg6 17. Qa4 O-O 18. Ne6 Rc8 19. Nxg7 cxd5 20. cxd5 Qxg7 21. Bc3 Rxc3
22. bxc3 Nxd5 23. Qb3 Qxc3+ 24. Qxc3 Nxc3 25. Bc4+ d5 26. Bb3 Bf7 27. Rc1 Nb5
28. Rc5 a6 29. Bxd5 Nd7 30. Bxf7+ Kxf7 31. Rc4 Nf6 32. Nxe4 Nxe4 33. Rxe4 Rc8
34. Rf1+ 1-0

[Event "XXIII Festival A"]
[Site "Porto San Giorgio ITA"]
[Date "2011.08.28"]
[Round "9"]
[White "Arnetta, Maria Teresa"]
[Black "Piccinini, Samuele"]
[Result "1-0"]
[WhiteElo "2069"]
[BlackElo "1903"]
[PlyCount "115"]
[EventDate "2011.08.21"]

1. e4 e6 2. d4 d5 3. e5 c5 4. Nf3 cxd4 5. Bd3 Nc6 6. O-O Qc7 7. Bf4 Nb4 8. Nxd4
Nxd3 9. Qxd3 Bd7 10. Nc3 Rc8 11. Qf3 Qb6 12. Nb3 d4 13. Ne2 Rxc2 14. Nexd4 Rc7
15. Rac1 Rxc1 16. Rxc1 Ne7 17. Nc5 Nd5 18. Nxd7 Qxd4 19. Nxf8 Rxf8 20. Be3 Qxb2
21. Qd1 f5 22. Rb1 Nxe3 23. fxe3 Qxe5 24. Rxb7 Rf7 25. Qa4+ Kf8 26. Qb4+ Ke8
27. Rb8+ Kd7 28. Qa4+ Ke7 29. Qxa7+ Kf6 30. Qb6 Rd7 31. Qb2 Qxb2 32. Rxb2 Ra7
33. Kf2 g5 34. Rc2 Ra3 35. Ke2 h5 36. Rb2 h4 37. h3 Kg6 38. Kf2 f4 39. Re2
fxe3+ 40. Kf3 Kf5 41. Rb2 Ke5 42. Rb4 Kf5 43. Rb5+ e5 44. Rb2 e4+ 45. Ke2 Kf4
46. Kf1 Kg3 47. Ke1 Rd3 48. a4 Rd2 49. Rb3 Rxg2 50. Rxe3+ Kf4 51. Ra3 e3 52.
Kf1 Rb2 53. a5 Kf3 54. Ra1 Rf2+ 55. Kg1 Rg2+ 56. Kh1 Rd2 57. Kg1 Ke2 58. Kg2
1-0

[Event "XXIII Festival A"]
[Site "Porto San Giorgio ITA"]
[Date "2011.08.28"]
[Round "9"]
[White "Barlocco, Carlo"]
[Black "Pierantozzi, Stanislao"]
[Result "1-0"]
[WhiteElo "2135"]
[BlackElo "1971"]
[PlyCount "113"]
[EventDate "2011.08.21"]

1. d4 Nf6 2. c4 e6 3. Nc3 Bb4 4. a3 Bxc3+ 5. bxc3 c5 6. e3 d6 7. Bd3 O-O 8. Ne2
Nc6 9. O-O e5 10. e4 h6 11. d5 Na5 12. Ng3 b6 13. h3 Ba6 14. Qe2 Nb3 15. Rb1
Nxc1 16. Rbxc1 Bc8 17. f4 exf4 18. Rxf4 Nd7 19. Nf5 Ne5 20. g4 Bxf5 21. exf5 f6
22. Bc2 Re8 23. Re4 Qd7 24. Rf1 Re7 25. Qe3 b5 26. cxb5 Qxb5 27. Rb1 Qa6 28.
Ra4 Qc8 29. Qe2 c4 30. Qf2 Qe8 31. Rab4 Rc8 32. Rb7 Rxb7 33. Rxb7 Rc5 34. Kg2
a5 35. Qe1 Rxd5 36. Qb1 Rd2+ 37. Kg3 Qc6 38. Be4 d5 39. Rb8+ Kh7 40. Qe1 Ra2
41. Bb1 Qc7 42. Rc8 Qxc8 43. Bxa2 Qc7 44. Qe3 Qd6 45. h4 Qxa3 46. g5 Qd6 47.
Kh3 hxg5 48. hxg5 fxg5 49. Bb1 Kg8 50. Qa7 Qd8 51. Qa6 Kf8 52. Qe6 Nf7 53. Bc2
Nh6 54. Ba4 Ng8 55. Bd7 Nf6 56. Qd6+ Kg8 57. Be6+ 1-0

[Event "XXIII Festival A"]
[Site "Porto San Giorgio ITA"]
[Date "2011.08.28"]
[Round "9"]
[White "Barnabei, Stefano"]
[Black "Liguori, Renato"]
[Result "1/2-1/2"]
[WhiteElo "1759"]
[BlackElo "2100"]
[PlyCount "82"]
[EventDate "2011.08.21"]

1. e4 e6 2. d4 d5 3. exd5 exd5 4. Nf3 Bd6 5. c3 Ne7 6. Bd3 Bf5 7. Be3 Nd7 8.
O-O O-O 9. Re1 Re8 10. Qc2 Bxd3 11. Qxd3 Nf8 12. Nbd2 Nfg6 13. Nf1 f6 14. Rad1
Qd7 15. Bc1 h5 16. h3 c6 17. a3 Kf7 18. c4 Bc7 19. b3 Rad8 20. Be3 Nf5 21. Qc3
Re7 22. a4 Rde8 23. cxd5 cxd5 24. Bd2 Rxe1 25. Rxe1 Rxe1 26. Nxe1 Bb6 27. Nf3
Nd6 28. Qd3 a6 29. Be3 Ne4 30. Qc2 Ne7 31. N1d2 Nxd2 32. Bxd2 g6 33. Qd3 Nf5
34. Bc3 Kg7 35. g3 Nd6 36. Kg2 Ne4 37. Bb2 Qxh3+ 38. Kg1 Bc7 39. Qc2 g5 40.
Qxc7+ Kg6 41. Qb8 Qf5 1/2-1/2

[Event "XXIII Festival A"]
[Site "Porto San Giorgio ITA"]
[Date "2011.08.28"]
[Round "9"]
[White "Bentivegna, Francesco"]
[Black "Palit, Somak"]
[Result "0-1"]
[WhiteElo "2330"]
[BlackElo "2372"]
[PlyCount "78"]
[EventDate "2011.08.21"]

1. e4 d5 2. exd5 Qxd5 3. Nc3 Qa5 4. Bc4 Nf6 5. d3 c6 6. Bd2 Qc7 7. Qe2 b5 8.
Bb3 a5 9. a4 b4 10. Ne4 Nxe4 11. Qxe4 e6 12. Nf3 Nd7 13. Bc4 Nf6 14. Qh4 Be7
15. O-O Nd5 16. Qe4 Bb7 17. d4 Nf6 18. Qh4 c5 19. Bb5+ Bc6 20. Qg3 Rc8 21.
Bxc6+ Qxc6 22. Ne5 Qd5 23. Qxg7 Rg8 24. Qxf7+ Kd8 25. g3 cxd4 26. Bf4 Rf8 27.
Qg7 Nh5 28. Qxh7 Nxf4 29. gxf4 Rxf4 30. Rfe1 Rf5 31. h4 Rxc2 32. Nd3 Bxh4 33.
Qh8+ Kc7 34. Qh7+ Kb8 35. Qxh4 Rg5+ 36. Qxg5 Qxg5+ 37. Kf1 Qf5 38. Rad1 Qh3+
39. Kg1 Rc8 0-1

[Event "XXIII Festival A"]
[Site "Porto San Giorgio ITA"]
[Date "2011.08.28"]
[Round "9"]
[White "Bighiu, Gheorghe"]
[Black "Dobboletta, Alex"]
[Result "1/2-1/2"]
[WhiteElo "2062"]
[BlackElo "1910"]
[PlyCount "37"]
[EventDate "2011.08.21"]

1. e4 c5 2. d4 cxd4 3. c3 dxc3 4. Nxc3 d6 5. Bc4 Nf6 6. Nf3 Nc6 7. O-O g6 8.
Qb3 e6 9. Rd1 Na5 10. Bb5+ Bd7 11. Qa4 Nc6 12. Bg5 a6 13. Bxc6 Bxc6 14. Qd4 Be7
15. Bh6 e5 16. Qc4 Qc7 17. Nd5 Qd8 18. Nc3 Qc7 19. Nd5 1/2-1/2

[Event "XXIII Festival A"]
[Site "Porto San Giorgio ITA"]
[Date "2011.08.28"]
[Round "9"]
[White "Bisi, Samuele"]
[Black "Zinnai, Graziano Matteo"]
[Result "0-1"]
[WhiteElo "1977"]
[BlackElo "1882"]
[PlyCount "66"]
[EventDate "2011.08.21"]

1. d4 d5 2. Nf3 Nf6 3. c4 c6 4. Nc3 e6 5. cxd5 exd5 6. Bg5 Be7 7. e3 Bf5 8. Ne5
Nbd7 9. g4 Be6 10. h3 Nxe5 11. dxe5 Nd7 12. Bf4 Qc7 13. Bg3 Nxe5 14. f4 Nc4 15.
Qe2 Qb6 16. f5 Bd7 17. e4 Qe3 18. Qxe3 Nxe3 19. Bd3 d4 20. Ne2 Bb4+ 21. Kf2 c5
22. a3 Bd2 23. Nf4 c4 24. Be2 Bc6 25. Bf3 Nc2 26. Rad1 Be3+ 27. Kg2 d3 28. Nd5
Bxd5 29. exd5 Bd4 30. Rb1 O-O 31. d6 Rfe8 32. Bxb7 Re2+ 33. Kf1 Ne3+ 0-1

[Event "XXIII Festival A"]
[Site "Porto San Giorgio ITA"]
[Date "2011.08.28"]
[Round "9"]
[White "Bolog, Iacint"]
[Black "Iaconi, Andrea"]
[Result "0-1"]
[WhiteElo "1959"]
[BlackElo "1832"]
[PlyCount "120"]
[EventDate "2011.08.21"]

1. e4 c5 2. Nf3 d6 3. Bc4 e6 4. Nc3 Nc6 5. a3 Nf6 6. d3 Be7 7. h3 a6 8. O-O O-O
9. Ne2 b5 10. Ba2 Bb7 11. Ng3 Rc8 12. b3 Qc7 13. Bb2 Rfd8 14. Rc1 d5 15. exd5
Rxd5 16. Re1 Nd4 17. Nxd4 cxd4 18. c4 dxc3 19. Rxc3 Qd8 20. Rxc8 Qxc8 21. b4
Rd7 22. Qe2 Bd5 23. Bb1 Qb7 24. f3 Rc7 25. Ne4 Nxe4 26. fxe4 Bc6 27. Qg4 g6 28.
Qf4 Bd7 29. Rf1 Qb6+ 30. Kh1 Be8 31. Qe5 f6 32. Qf4 e5 33. Qg4 Bf7 34. h4 Qe6
35. Qg3 h5 36. Qf2 Kh7 37. d4 exd4 38. Bxd4 Kg7 39. e5 f5 40. Qf4 Kh7 41. Be3
Bf8 42. Qg5 Qe7 43. Qg3 Rc3 44. Qf2 Rxa3 45. Bc5 Qd8 46. Rc1 Bc4 47. Re1 Be6
48. Rc1 Be7 49. Bxe7 Qxe7 50. g3 Bd5+ 51. Kh2 Qxe5 52. Re1 Be4 53. Bxe4 fxe4
54. Qf7+ Kh6 55. Qf8+ Kh7 56. Qf7+ Kh6 57. Rg1 Rf3 58. Qb7 Rf2+ 59. Kh1 Qb2 60.
Rg2 Rxg2 0-1

[Event "XXIII Festival A"]
[Site "Porto San Giorgio ITA"]
[Date "2011.08.28"]
[Round "9"]
[White "Bruno, Fabio"]
[Black "Vezzosi, Paolo"]
[Result "1-0"]
[WhiteElo "2466"]
[BlackElo "2355"]
[PlyCount "79"]
[EventDate "2011.08.21"]

1. d4 Nf6 2. Nf3 c5 3. d5 e6 4. Nc3 d6 5. e4 a6 6. dxe6 Bxe6 7. Ng5 Nc6 8. Nxe6
fxe6 9. g3 g6 10. Bg2 Qe7 11. O-O Bg7 12. Ne2 O-O 13. c3 Rad8 14. Nf4 g5 15.
Nh5 Nxh5 16. Qxh5 Bf6 17. Bd2 Ne5 18. b3 Kh8 19. h3 Rg8 20. Qe2 Qe8 21. Kh1 Rd7
22. f4 gxf4 23. gxf4 Ng6 24. Bf3 Rdg7 25. Bh5 Qc6 26. Rg1 d5 27. e5 Bd8 28. Kh2
Nh4 29. Rg4 d4 30. Rag1 dxc3 31. Rxg7 Rxg7 32. Rxg7 Kxg7 33. Bxc3 Qd5 34. Be1
Kh8 35. Bg4 Ng6 36. Qd2 Bh4 37. Qxd5 exd5 38. Bxh4 Nxh4 39. Kg3 Ng6 40. Bc8 1-0

[Event "XXIII Festival A"]
[Site "Porto San Giorgio ITA"]
[Date "2011.08.28"]
[Round "9"]
[White "Cafaro, Luca"]
[Black "Burani, Eugenio"]
[Result "1-0"]
[WhiteElo "1774"]
[BlackElo "1943"]
[PlyCount "70"]
[EventDate "2011.08.21"]

1. e4 c5 2. Nf3 Nf6 3. Nc3 Nc6 4. d4 cxd4 5. Nxd4 e5 6. Ndb5 d6 7. Bg5 a6 8.
Na3 b5 9. Bxf6 gxf6 10. Nd5 f5 11. Bxb5 axb5 12. Nxb5 Qa5+ 13. c3 Kd7 14. Nbc7
Ra7 15. b4 Qa3 16. Nb5 Qa6 17. Nxa7 Qxa7 18. a4 fxe4 19. Nf6+ Ke6 20. Nxe4 f5
21. Qb3+ Ke7 22. Ng5 Nd8 23. Nf3 Be6 24. Qc2 Rg8 25. Rg1 Kf6 26. O-O-O Bh6+ 27.
Kb2 Nf7 28. Nd2 e4 29. g4 Bxd2 30. Rxd2 Ne5 31. Rd4 Nd3+ 32. Ka3 d5 33. g5+ Ke7
34. Qd2 Rg6 35. Qe3 Kf7 1-0

[Event "XXIII Festival A"]
[Site "Porto San Giorgio ITA"]
[Date "2011.08.28"]
[Round "9"]
[White "Calabrese, Maurizio"]
[Black "Reif, Werner"]
[Result "0-1"]
[WhiteElo "1567"]
[BlackElo "1848"]
[PlyCount "94"]
[EventDate "2011.08.21"]

1. d4 d5 2. c4 c6 3. e3 Nf6 4. Nf3 e6 5. Nc3 Nbd7 6. Bd3 dxc4 7. Bxc4 b5 8. Bb3
a6 9. O-O Bb7 10. h3 c5 11. d5 exd5 12. Nxd5 c4 13. Nxf6+ Nxf6 14. Qxd8+ Rxd8
15. Bd1 Bb4 16. Nd4 O-O 17. a4 bxa4 18. Rxa4 a5 19. Nc2 Bc6 20. Ra1 Ra8 21. Be2
c3 22. b3 Bd5 23. Rb1 Be4 24. Bd1 Rfd8 25. f3 Rxd1 26. fxe4 Rxf1+ 27. Kxf1 Nxe4
28. Nxb4 axb4 29. Ke2 Ra2+ 30. Kd3 Nd2 31. Bxd2 Rxd2+ 32. Kc4 c2 33. Rc1 Kf8
34. Kxb4 Rxg2 35. Kc3 Rg3 36. Kd3 Rxh3 37. Rxc2 Rf3 38. Rc4 Ke7 39. Rd4 g5 40.
b4 h5 41. b5 Rf1 42. e4 Rd1+ 43. Kc4 Rxd4+ 44. Kxd4 Kd6 45. e5+ Kc7 46. Ke4 h4
47. Kf3 Kb6 0-1

[Event "XXIII Festival A"]
[Site "Porto San Giorgio ITA"]
[Date "2011.08.28"]
[Round "9"]
[White "Calavalle, Giulio"]
[Black "Calandri, Fausto"]
[Result "0-1"]
[WhiteElo "2239"]
[BlackElo "2118"]
[PlyCount "102"]
[EventDate "2011.08.21"]

1. e4 e6 2. Nf3 d5 3. e5 c5 4. b4 cxb4 5. d4 Nc6 6. a3 Nh6 7. axb4 Bxb4+ 8. c3
Be7 9. Bd3 Nf5 10. Na3 h5 11. Nc2 a6 12. Ne3 g6 13. Qb3 O-O 14. h3 Nxe3 15.
Bxe3 Kg7 16. Qb1 Rh8 17. Rg1 b5 18. g4 Qe8 19. Ke2 Bb7 20. Qc2 Rc8 21. Qb3 Bd8
22. gxh5 Rxh5 23. Rg4 Ne7 24. Rag1 Nf5 25. h4 Qc6 26. Bd2 Be7 27. R1g2 Rch8 28.
Qb1 Bxh4 29. Nxh4 Rxh4 30. Bg5 Rxg4 31. Bf6+ Kg8 32. Rxg4 Rh5 33. Qg1 Kf8 34.
Bxf5 exf5 35. Rxg6 Qc4+ 36. Kd2 Qa2+ 37. Ke3 fxg6 38. e6 Rh3+ 39. Kf4 g5+ 40.
Bxg5 Qe2 41. Be7+ Kxe7 42. Qg5+ Kxe6 43. Qxf5+ Kd6 44. Qxh3 Qxf2+ 45. Kg5 Qd2+
46. Kg6 Qf4 47. Qh8 Qg4+ 48. Kf6 Qe6+ 49. Kg5 Qe7+ 50. Kf4 Kc7 51. Qg8 Qd6+ 0-1

[Event "XXIII Festival A"]
[Site "Porto San Giorgio ITA"]
[Date "2011.08.28"]
[Round "9"]
[White "Caldarola, Stefano"]
[Black "De Felice, Michele"]
[Result "1/2-1/2"]
[WhiteElo "1809"]
[BlackElo "1870"]
[PlyCount "118"]
[EventDate "2011.08.21"]

1. d4 d5 2. c4 c6 3. Nc3 Nf6 4. Nf3 e6 5. g3 Nbd7 6. Bg2 Bd6 7. cxd5 exd5 8.
O-O O-O 9. Qd3 Re8 10. Bg5 h6 11. Bxf6 Nxf6 12. Rfd1 Bg4 13. h3 Bh5 14. e3 Qd7
15. Qf1 Bc7 16. Ne2 Bg6 17. Nf4 Bxf4 18. gxf4 Bf5 19. Kh2 Ne4 20. Ne5 Qe7 21.
Nf3 Rad8 22. a3 Qd6 23. Kh1 Qe6 24. Kh2 Rd6 25. Nd2 g5 26. Nxe4 Bxe4 27. Bxe4
Qxe4 28. fxg5 hxg5 29. Qg2 Qh4 30. Rg1 Rg6 31. Qg3 Qe4 32. Qg4 Qc2 33. Qg2 Re4
34. Rgc1 Qe2 35. Re1 Qh5 36. f3 Rh4 37. e4 g4 38. fxg4 Rhxg4 39. Qf3 Rg2+ 40.
Qxg2 Rxg2+ 41. Kxg2 Qg5+ 42. Kh1 Kf8 43. e5 Qg3 44. Rad1 Qxh3+ 45. Kg1 Ke7 46.
Re2 Qg4+ 47. Kf2 Qh4+ 48. Ke3 Qe4+ 49. Kf2 Qf4+ 50. Kg2 Qg4+ 51. Kf2 a5 52. Rd3
Kd7 53. Ke1 Qg6 54. Kd2 a4 55. Ree3 Ke6 56. Rf3 Qg5+ 57. Kc2 b6 58. Rf6+ Ke7
59. Rxc6 Qg2+ 1/2-1/2

[Event "XXIII Festival A"]
[Site "Porto San Giorgio ITA"]
[Date "2011.08.28"]
[Round "9"]
[White "Carnicelli, Flavio"]
[Black "Villani, Cristian"]
[Result "0-1"]
[WhiteElo "1904"]
[BlackElo "2056"]
[PlyCount "82"]
[EventDate "2011.08.21"]

1. e4 e6 2. d4 d5 3. Nc3 Bb4 4. e5 Ne7 5. Qg4 Nf5 6. Nf3 Nc6 7. Bd3 h5 8. Qf4
Nce7 9. a3 Ng6 10. Qd2 Be7 11. Bxf5 exf5 12. Ne2 Be6 13. b3 Qd7 14. Bb2 h4 15.
h3 Qc6 16. O-O O-O-O 17. Qd3 Nf8 18. Rfc1 g5 19. c4 Ng6 20. c5 Rdg8 21. b4 g4
22. b5 Qe8 23. hxg4 fxg4 24. b6 axb6 25. cxb6 c6 26. Rxc6+ Kb8 27. Rc7 gxf3 28.
Qc3 Bd8 29. Qa5 Bxc7 30. Qa7+ Kc8 31. Rc1 Kd8 32. Rxc7 Bd7 33. Nc3 Nf4 34. a4
Rxg2+ 35. Kh1 Rg1+ 36. Kh2 Rg2+ 37. Kh1 Rg1+ 38. Kh2 Rg2+ 39. Kh1 Ke7 40. Qxb7
Rhg8 41. Ba3+ Ke6 0-1

[Event "XXIII Festival A"]
[Site "Porto San Giorgio ITA"]
[Date "2011.08.28"]
[Round "9"]
[White "Carnicelli, Valerio"]
[Black "Sorbera, Giovanni"]
[Result "1-0"]
[WhiteElo "1898"]
[BlackElo "2197"]
[PlyCount "81"]
[EventDate "2011.08.21"]

1. e4 e5 2. Nf3 Qe7 3. Nc3 c6 4. Bc4 h6 5. d4 d6 6. dxe5 dxe5 7. Be3 Nf6 8. Qd2
Ng4 9. O-O-O Nd7 10. Bb3 g6 11. h4 Nxe3 12. Qxe3 Nc5 13. h5 Nxb3+ 14. axb3 g5
15. Ne2 f6 16. Nd2 b5 17. Ng3 Qc7 18. Ndf1 a5 19. Qf3 Kf7 20. Ne3 a4 21. Ng4
Be7 22. Nf5 a3 23. bxa3 Rxa3 24. Nfxh6+ Ke8 25. Kb2 Rxh6 26. Nxh6 Qa5 27. Ra1
Bc5 28. Rhd1 b4 29. Qxf6 Bd4+ 30. Rxd4 exd4 31. Qxc6+ Bd7 32. Qg6+ Ke7 33. Qg7+
Ke8 34. Ng8 Kd8 35. Rxa3 bxa3+ 36. Ka2 Qc3 37. Qxg5+ Kc8 38. Ne7+ Kb8 39. Qe5+
Ka8 40. Qa5+ Kb8 41. Qb6+ 1-0